000 00762nam a2200217Ii 4500
003 JO-AjNU
008 230606s9999||||xx |||||||||||||| ||und||
020 _a978-1-107-53930-3 / 978-1-107-69738-6 / 978-1-107-61378-2 / 978-1-107-53931-0
040 _aJO-AjNU
_beng
_erda
_cJO-AjNU
041 _aeng
050 1 4 _aPE1112.H47 2015
100 3 _aHewings, Martin,
_eauthor
_95957
245 0 0 _aAdvanced Grammar in Use: A Selr-Study reference and practice book for advanced learners of English
250 _a3 ed
264 3 1 _aNew York: Cambridge University Press, 2015
300 _a294P
336 _atext
_btxt
_2rdacontent
337 _aunmediated
_bn
_2rdamedia
338 _avolume
_bnc
_2rdacarrier
650 4 _aEnglish Language - English Grammar
_95958
999 _aE3090
_c3087
_d3087